random italian words - Statistics

General Stats
  • This quiz has been taken 267 times
  • The average score is 13 of 24
Answer Stats
english italian % Correct
house casa
86%
dog cane
85%
meat carne
81%
horse cavallo
81%
apple mela
80%
sea mare
79%
happy felice
70%
good bene
62%
car macchina
60%
bear orso
59%
kiss bacio
52%
umbrella ombrello
51%
tasty buono
50%
cute carino
46%
crazy pazzo
45%
river fiume
44%
rain pioggia
43%
boring noioso
42%
doctor medico
40%
parmesan parmigiano
40%
pillow cuscino
31%
bartender barista
30%
zucchini zucchina
29%
artichoke carciofo
24%
No matching quizzes found
Score Distribution
Percent of People with Each Score
Percentile by Number Answered
Your Score History
You have not taken this quiz